<?xml version="1.0" encoding="UTF-8"?>
<marc:record xmlns:marc="http://www.loc.gov/MARC21/slim">
   <marc:leader>00000nam a2200000 a 4500</marc:leader>
   <marc:datafield ind1="1" ind2=" " tag="100">
      <marc:subfield code="a">Jacobs, Anne</marc:subfield>
      <marc:subfield code="4">aut</marc:subfield>
      <marc:subfield code="e">Verfasser/-in</marc:subfield>
   </marc:datafield>
   <marc:datafield ind1=" " ind2=" " tag="653">
      <marc:subfield code="a">Fiktionale Darstellung</marc:subfield>
   </marc:datafield>
   <marc:datafield ind1=" " ind2=" " tag="653">
      <marc:subfield code="a">Erzählende Literatur: Gegenwartsliteratur ab 1945</marc:subfield>
   </marc:datafield>
   <marc:datafield ind1=" " ind2=" " tag="653">
      <marc:subfield code="a">Familiensaga</marc:subfield>
   </marc:datafield>
   <marc:datafield ind1=" " ind2=" " tag="653">
      <marc:subfield code="a">20. Jahrhundert</marc:subfield>
   </marc:datafield>
   <marc:datafield ind1=" " ind2=" " tag="653">
      <marc:subfield code="a">Augsburg</marc:subfield>
   </marc:datafield>
   <marc:datafield ind1=" " ind2=" " tag="653">
      <marc:subfield code="a">SPIEGEL-Bestsellerautorin</marc:subfield>
   </marc:datafield>
   <marc:datafield ind1=" " ind2=" " tag="653">
      <marc:subfield code="a">Spiegel-Bestseller-Serie</marc:subfield>
   </marc:datafield>
   <marc:datafield ind1=" " ind2=" " tag="653">
      <marc:subfield code="a">Liebe</marc:subfield>
   </marc:datafield>
   <marc:datafield ind1=" " ind2=" " tag="653">
      <marc:subfield code="a">Familie</marc:subfield>
   </marc:datafield>
   <marc:datafield ind1=" " ind2=" " tag="653">
      <marc:subfield code="a">Weltwirtschaftskrise</marc:subfield>
   </marc:datafield>
   <marc:datafield ind1=" " ind2=" " tag="653">
      <marc:subfield code="a">Generationenroman</marc:subfield>
   </marc:datafield>
   <marc:datafield ind1=" " ind2=" " tag="653">
      <marc:subfield code="a">Das Gutshaus</marc:subfield>
   </marc:datafield>
   <marc:datafield ind1=" " ind2=" " tag="653">
      <marc:subfield code="a">Historischer Roman</marc:subfield>
   </marc:datafield>
   <marc:datafield ind1="0" ind2="0" tag="245">
      <marc:subfield code="a">Sturm über der Tuchvilla</marc:subfield>
   </marc:datafield>
   <marc:datafield ind1="0" ind2="0" tag="245">
      <marc:subfield code="b">Roman</marc:subfield>
   </marc:datafield>
   <marc:datafield ind1="0" ind2="0" tag="245">
      <marc:subfield code="c">Jacobs, Anne</marc:subfield>
   </marc:datafield>
   <marc:datafield ind1=" " ind2="1" tag="264">
      <marc:subfield code="a">München</marc:subfield>
      <marc:subfield code="b">Blanvalet</marc:subfield>
      <marc:subfield code="c">2021</marc:subfield>
   </marc:datafield>
   <marc:datafield ind1="1" ind2=" " tag="490">
      <marc:subfield code="a">Die Tuchvilla-Saga</marc:subfield>
      <marc:subfield code="v">5</marc:subfield>
   </marc:datafield>
   <marc:datafield ind1=" " ind2=" " tag="250">
      <marc:subfield code="a">1. Auflage</marc:subfield>
   </marc:datafield>
   <marc:datafield ind1="1" ind2=" " tag="520">
      <marc:subfield code="a">In Zeiten des Sturms muss die Familie Melzer zusammenhalten, um ihre geliebte Tuchvilla zu retten ...&#xD;
&#xD;
Augsburg, 1935. Der Sturm, der sich über Deutschland zusammenbraut, hat auch für die Familie Melzer und ihre geliebte Tuchvilla weitreichende Konsequenzen: Maries erfolgreiches Schneideratelier steht kurz vor dem Aus, als bekannt wird, dass sie jüdischer Abstammung ist. Und auch ihr Mann Paul hat mit großen Sorgen zu kämpfen, denn die finanzielle Lage der Tuchfabrik und der wachsende Druck von Seiten der Regierung, bereiten ihm schlaflose Nächte. Als Paul eines Tages dringend geraten wird, sich von seiner Frau scheiden zu lassen, muss Marie eine folgenschwere Entscheidung treffen, die ihr aller Leben für immer verändern wird …&#xD;
&#xD;
Sie lieben mitreißende, romantische Familiensagas, die in vergangen Zeiten spielen? Dann entdecken Sie weitere Romane von Anne Jacobs!&#xD;
Die Tuchvilla-Saga:&#xD;
1. Die Tuchvilla&#xD;
2. Die Töchter der Tuchvilla&#xD;
3. Das Erbe der Tuchvilla&#xD;
4. Rückkehr in die Tuchvilla&#xD;
5. Sturm über der Tuchvilla&#xD;
&#xD;
Die Gutshaus-Saga:&#xD;
1. Das Gutshaus. Glanzvolle Zeiten&#xD;
2. Das Gutshaus. Stürmische Zeiten&#xD;
3. Das Gutshaus. Zeit des Aufbruchs&#xD;
&#xD;
Anne Jacobs als Leah Bach:&#xD;
Der Himmel über dem Kilimandscharo&#xD;
Sanfter Mond über Usambara&#xD;
Insel der tausend Sterne</marc:subfield>
   </marc:datafield>
   <marc:datafield ind1=" " ind2=" " tag="020">
      <marc:subfield code="a">9783734107733</marc:subfield>
      <marc:subfield code="9">9783734107733</marc:subfield>
   </marc:datafield>
   <marc:datafield ind1=" " ind2=" " tag="020">
      <marc:subfield code="a">3734107733</marc:subfield>
      <marc:subfield code="9">3734107733</marc:subfield>
   </marc:datafield>
   <marc:datafield ind1=" " ind2=" " tag="041">
      <marc:subfield code="a">ger</marc:subfield>
   </marc:datafield>
   <marc:datafield ind1="0" ind2=" " tag="490">
      <marc:subfield code="v">5</marc:subfield>
   </marc:datafield>
   <marc:datafield ind1=" " ind2=" " tag="338">
      <marc:subfield code="a">Band</marc:subfield>
   </marc:datafield>
   <marc:datafield ind1=" " ind2=" " tag="300">
      <marc:subfield code="a">684 Seiten</marc:subfield>
   </marc:datafield>
</marc:record>
